Desperado lyrics (The Eagles) - Statistics

General Stats
  • This quiz has been taken 21 times
  • The average score is 131 of 212
Answer Stats
Lyrics % Correct
Desperado,
100%
don't
100%
Don't
100%
you
100%
You
100%
you)
100%
why
93%
your
93%
Your
93%
a
87%
come
87%
Come
87%
senses?
87%
to
87%
I
80%
so
80%
the
80%
The
80%
and
73%
And
73%
be
73%
for
73%
is
73%
know
73%
no
73%
some
73%
are
67%
been
67%
got
67%
it
67%
It
67%
long
67%
now
67%
Now
67%
Oh
67%
oh
67%
out
67%
that
67%
you're
67%
You're
67%
You've
67%
But
60%
but
60%
Can
60%
fences
60%
fences,
60%
hard
60%
hurt
60%
of
60%
one
60%
reasons
60%
riding
60%
These
60%
things
60%
won't
60%
all
53%
always
53%
beat
53%
best
53%
bet
53%
day
53%
feet
53%
get
53%
hearts
53%
how
53%
if
53%
in
53%
just
53%
me
53%
queen
53%
this
53%
time?
53%
time
53%
able
47%
ain't
47%
Ain't
47%
cold
47%
down
47%
from
47%
getting'
47%
Have
47%
It's
47%
it's
47%
night
47%
pleasin'
47%
somehow
47%
that's
47%
winter
47%
world
47%
younger
47%
alone
40%
away?
40%
boy
40%
can't
40%
diamonds,
40%
draw
40%
feeling
40%
freedom,
40%
freedom
40%
funny
40%
goes
40%
highs
40%
hunger,
40%
late
40%
losin'
40%
love
40%
lows
40%
open
40%
pain
40%
people
40%
prison
40%
rainin',
40%
seems
40%
She'll
40%
she's
40%
shine
40%
sun
40%
talkin'
40%
tell
40%
through
40%
too
40%
walking
40%
want
40%
before
33%
better
33%
fine
33%
gate
33%
home
33%
may
33%
sky
33%
snow
33%
somebody
33%
table
33%
they're
33%
drivin'
27%
laid
27%
let
27%
(Let
27%
ones
27%
only
27%
there's
27%
upon
27%
well,
27%
above
20%
rainbow
20%
No matching quizzes found
Score Distribution
Percent of People with Each Score
Percentile by Number Answered
Your Score History
You have not taken this quiz